00429nam a2200133Ia 4500100003500000942000700035654001200042245003500054260003500089300000800124546001200132999001700144952013400161 aBhattacharya/ P.B./ Jain S.K.  cBK aalgebra aFirst course in linear algebra bWiley easternaNew Delhic1991 a280 aENGLISH c32136d32136 001040708CRCaCRCEbCRCEd2023-03-17eProgressive Booksg45.00i2056 dt 05.9.92l0o p3817r2023-03-17v45.00w1992-09-05yBK